| 000 | 00991nam a2200265 a 4500 | ||
|---|---|---|---|
| 003 | MX-MxUPN | ||
| 005 | 20250222063752.0 | ||
| 007 | cr a | ||
| 008 | 250221s2020 cr ||||fo|||| 000 0 spa d | ||
| 040 |
_aMX-MxUPN _bspa _cMX-MxUPN _eaacr2 |
||
| 041 | 0 | _aspa | |
| 050 | 1 | 4 | _aLB1139.23 |
| 100 | 1 |
_aCastro, Marianella _955454 |
|
| 100 | 1 |
_aCastillo, Rocío _955455 |
|
| 100 | 1 |
_aRamírez, Patricia _955456 |
|
| 245 | 1 | 0 |
_aPrincipios de desarrollo y aprendizaje para propiciar prácticas pedagógicas situadas en desarrollo humano en la primera infancia _h[recurso electrónico en línea] |
| 260 |
_aCosta Rica : _bUniversidad Nacional, Centro de Investigación y Docencia en Educación, _c2020. |
||
| 300 |
_a1 recurso en línea (20 páginas) : _bPDF |
||
| 506 | 0 | _aAcceso abierto. | |
| 650 | 4 |
_aDesarrollo infantil _9176 |
|
| 650 | 4 |
_aEducación de la primera infancia _96933 |
|
| 856 | 4 | 0 | _uhttp://hdl.handle.net/11056/24756 |
| 902 | _aVíctor Ruiz/210225 | ||
| 942 |
_2lcc _cLIBRO-E |
||
| 999 |
_c212639 _d212639 |
||